00596nam a2200181 a 4500008004100000020000700041040002500048041001300073044001100086080001000097100003300107245011800140260007300258700000800331700002300339700002400362700002800386951122s1987||||[C 0 slo c c42 aSNKbslocSNKeAACR21 asloheng axocSK a820-31 aMaturin, Charles Robert4aut10aPútnik Melmoth zv.2cCharles Robert Maturin ; Ján Kamenistý, Ján Trojan, Pavol Blažo, Ján Kamenistý aBratislavabTatranc1987eKošicefVýchodoslovenské tlačiarne1 4trl1 aTrojan, Ján4bkd1 aBlažo, Pavol4bkd1 aKamenistý, Ján4oth